| 000 | 01503nam0a2200301 4500 | ||
|---|---|---|---|
| 001 | RU\NLR\bibl\884824 | ||
| 005 | 20260408062826.0 | ||
| 010 |
_a5-7899-0358-4 _9200 |
||
| 021 |
_aRU _b2005-74194 _93659 |
||
| 035 | _a(NLR Aleph) 000873367 | ||
| 090 |
_a1613487 _c1613487 |
||
| 100 | _a20051207d2005 |||y0rusy50 ca | ||
| 101 | 0 | _arus | |
| 102 | _aRU | ||
| 105 | _ay ||||||||| | ||
| 200 | 1 |
_aПрограмма практических занятий по курсам "Оперативно-разыскная психология", "Общение и перевоплощение" _eучебно-практическое пособие _fМ-во внутр. дел Рос. Федерации, Волгогр. акад. _g[сост.: Бирюлькин В.Г. и др.] |
|
| 210 |
_aВолгоград _cВолгогр. акад. МВД России _d2005 |
||
| 215 |
_a73, [1] с. _d21 |
||
| 320 | _aБиблиогр. в конце кн. | ||
| 606 | 1 |
_aОперативно-розыскные мероприятия _jПрактические пособия _xПсихологические исследования _92065514 _3RU\NLR\auth\661240048 |
|
| 686 | _aЮ947.211я7 | ||
| 702 | 1 |
_aБирюлькин _bВ. Г. _gВалерий Геннадьевич _4220 |
|
| 712 | 0 | 2 |
_4570 _aВолгоградская академия МВД России _3RU\NLR\AUTH\8810031999 _9562583 |
| 801 | 0 |
_aRU _bNLR _c20051207 _grcr |
|
| 801 | 1 |
_aRU _bNLR _c20051207 |
|
| 942 | _cBOOK | ||
| 980 | _aNB | ||